Obálka Náhled e-knihy:
PDF Epub
Pro půjčování e-knih musíte být přihlášeni.
Jak si půjčit online?

Tajemství pražských klášterů. Královská kanonie premonstrátů na Strahově /

Strahovský klášter, přezdívaný Pražský Sion, to je velevýznamná, téměř devítisetletá instituce. Společně prozkoumáme jeho dějiny i unikátní areál; vaše příští návštěva Pražského Sionu bude díky tomu poučenější a procítěnější

Uloženo v:
Hlavní autor: Snětivý, Josef Pepson, 1973- (Autor, Fotograf)
Médium: E-kniha
Jazyk:Czech
Vydáno: Řitka : Čas, 2022
Edice:Skrytá krása naší země
Témata:
On-line přístup:Plný text - pro registrované uživatele NK ČR
Tagy:
Žádné tagy
LEADER 03741cam a2200673 i 4500
001 311612
003 CZ PrSKC
005 20260601215708.0
007 ta
008 220822s2022 xr acfhe f 000 0 cze d
015 |a cnb003445520 
020 |a 9788074753848  |q (vázáno) 
035 |a (OCoLC)1549632584 
040 |a TUG001  |b cze  |d ULG001  |d BOA001  |e rda 
043 |a e-xr---  |b e-xr-pg  |2 czenas 
072 7 |a 908(437)  |x Vlastivěda Česka a Slovenska  |2 Konspekt 
080 |a 726.71:27-789.43  |2 MRF 
080 |a 72:904  |2 MRF 
080 |a 27-52:904  |2 MRF 
080 |a 27-789.43  |2 MRF 
080 |a 913:94  |2 MRF 
080 |a 908(437.311)  |2 MRF 
080 |a (437.311)  |2 MRF 
080 |a (0.062)  |2 MRF 
080 |a (036)  |2 MRF 
100 1 |a Snětivý, Josef Pepson,  |d 1973-  |7 xx0053173  |4 aut  |4 pht 
245 1 0 |a Tajemství pražských klášterů.  |p Královská kanonie premonstrátů na Strahově /  |c Josef Pepson Snětivý 
246 3 0 |a Královská kanonie premonstrátů na Strahově 
264 1 |a Řitka :  |b Čas,  |c 2022 
300 |a 238 stran, 48 nečíslovaných stran obrazových příloh :  |b ilustrace (některé barevné), portréty, faksimile ;  |c 21 cm 
336 |a text  |b txt  |2 rdacontent 
337 |a bez média  |b n  |2 rdamedia 
338 |a svazek  |b nc  |2 rdacarrier 
490 1 |a Skrytá krása naší země ;  |v svazek XI. 
520 2 |a Strahovský klášter, přezdívaný Pražský Sion, to je velevýznamná, téměř devítisetletá instituce. Společně prozkoumáme jeho dějiny i unikátní areál; vaše příští návštěva Pražského Sionu bude díky tomu poučenější a procítěnější  |b V této knize se opět můžete těšit na čtivé vyprávění, obohacené autorovým pohledem okouzleného poutníka a mnoha fotografiemi (často i z nepřístupných míst). Text plynule spojuje historické mezníky a církevní dějiny, řeholní život, architektonickou i uměleckou krásu prošlých věků a popis současného stavu. Nakladatelská anotace. 
610 2 7 |a Strahovský klášter  |7 ko2002101553  |2 czenas 
650 0 7 |a premonstrátské kláštery  |7 ph124588  |z Česko  |2 czenas 
650 0 7 |a architektonické památky  |7 ph118585  |z Česko  |2 czenas 
650 0 7 |a církevní památky  |7 ph114287  |z Česko  |2 czenas 
650 0 7 |a premonstráti  |7 ph124587  |z Česko  |2 czenas 
650 0 7 |a historický místopis  |7 ph137052  |z Česko  |2 czenas 
650 0 9 |a Premonstratensian monasteries  |z Czechia  |2 eczenas 
650 0 9 |a architectural monuments  |z Czechia  |2 eczenas 
650 0 9 |a church antiquities  |z Czechia  |2 eczenas 
650 0 9 |a Premonstratensians  |z Czechia  |2 eczenas 
650 0 9 |a historical topography  |z Czechia  |2 eczenas 
651 7 |a Strahov (Praha, Česko)  |7 ge117441  |x vlastivěda a dějiny  |2 czenas 
651 9 |a Strahov (Prague, Czechia)  |x local history and geography  |2 eczenas 
655 7 |a populárně-naučné publikace  |7 fd131864  |2 czenas 
655 7 |a průvodce  |7 fd133154  |2 czenas 
655 9 |a popular works  |2 eczenas 
655 9 |a guidebooks  |2 eczenas 
830 0 |a Skrytá krása naší země 
856 4 1 |u https://www.bookport.cz/AccountSaml/SignIn/?idp=https%3A%2F%2Fshibboleth.nkp.cz%2Fidp%2Fshibboleth&returnUrl=/kniha/tajemstvi-prazskych-klasteru-10903/  |y Plný text - pro registrované uživatele NK ČR  |4 N 
900 |a ABA001  |b 19 
044 |a xr 
910 |a RBIT002 
998 |d 357131  |a https://core.palmknihy.cz/api/books/357131/cover?rfez4v  |b https://core.palmknihy.cz/api/books/357131/cover/400?rfez4v  |c https://core.palmknihy.cz/api/books/357131/cover/50?rfez4v  |e 2042-08-11  |g 288  |i 9788074753848  |j https://core.palmknihy.cz/api/books/357131/preview.epub  |k https://core.palmknihy.cz/api/books/357131/preview.pdf  |l   |q 49  |r 1  |s https://www.palmknihy.cz/kniha/357131  |t ebook  |y 2022  |z 0 
999 |d 311610